| 000 | 01089nam a2200217 a 4500 | ||
|---|---|---|---|
| 001 | 000027742 | ||
| 005 | 20200930031047.0 | ||
| 008 | 110404s1969 dr 000 0 spa d | ||
| 040 |
_aDO-SdBNP _bspa _cBNPHU |
||
| 082 |
_a282.7293 _bI24d |
||
| 110 | 2 |
_aIglesia Católica. _bConferencia del Episcopado Dominicano _946310 |
|
| 245 | 1 | 0 |
_aDocumentos de la conferencia del episcopado de la República Dominicana : _b1955-1969. |
| 260 |
_aSanto Domingo : _bAmigo del Hogar, _c1969. |
||
| 300 |
_a157 p. ; _c21 cm. |
||
| 500 | _aEdición en homenaje de la Arquidiocesis de Santo Domingo y sus diversas instituciones a su administrador Apostólico, Sede Plena, con motivo de sus bodas de plata sacerdotales (1944-1969) | ||
| 590 | _aInventariado, 2018/ YL | ||
| 650 | 4 |
_aConferencias episcopales católicas _zRepública Dominicana _xCongresos, conferencias, etc. _946335 |
|
| 650 | 4 |
_aIglésia católica _zRepública Dominicana _xCongresos, conferencias, etc. _946313 |
|
| 650 | 4 |
_aTeología _zRepública Dominicana _xCongresos, conferencias, etc. _946312 |
|
| 910 | _aValidado. Control de calidad MFF | ||
| 999 |
_c27234 _d27234 |
||